01012 a2200181 45000010006000000050017000060080041000230030015000640400040000790800095001192450083002142640030002973000019003275050402003461000019007487000031007677000032007982521120260407155535.0260407a1970 arg spa dAR-UNSa-BCEJYS aAR-UNSa-BCEJYSbspacAR-UNSa-BCEJYS a519.23xAnálisis estadístico. Métodos de inferencia (Métodos no paramétricos...)10aDiseño experimental no paramétricopaplicado a las ciencias de la conducta 1aMéxico :bTrillasc1970 a346 p.c24 cm. a1. Introducción - 2. El uso de las pruebas estadísticas en la investigación - 3. Elección de la prueba estadística adecuada - 4. El caso de una muestra - 5. El caso de dos muestras relacionadas - 6. El caso de dos muestras independientes - 7. El caso de K muestras relacionadas - 8. El caso de K muestras independientes - 9. Las medidas de correlación y sus pruebas de significación.1 aSiegel, Sidney1 aAguilar Villalobos, Javier1 aVinos Cruz-López, Ricardo